Kluby piłkarskie miast powiatowych województwa Podkarpackiego - Statystyki

Ogólne statystyki
  • Ten quiz został rozwiązany 34 razy
  • Średni wynik to 12 z 21
Statystyki odpowiedzi
Hint Odpowiedź % Poprawnych
Mielecki Stal Mielec
87%
Rzeszowski Stal Rzeszów/Resovia
87%
Stalowowolski Stal Stalowa Wola
84%
Dębicki Wisłoka Dębica/Igloopol Dębica
81%
Krośnieński Karpaty Krosno
77%
Tarnobrzeski Siarka Tarnobrzeg
77%
Jasielski Czarni Jasło
74%
Przemyski Polonia Przemyśl/Czuwaj Przemyśl
74%
Sanocki Ekoball Stal Sanok
71%
Jarosławski JKS Jarosław
71%
Leżajski Pogoń Leżajsk
55%
Niżańśki Sokół Nisko
55%
Lubaczowski Pogoń-Sokół Lubaczów
52%
Łańcucki SPEC Stal Łańcut
52%
Przeworski Orzeł Przeworsk
42%
Ropczycko-Sędziszowski Błękitni Ropczyce/Lechia Sędziszów Małopolski
35%
Brzozowski Brzozovia Brzozów
35%
Strzyżowski Wisłok Strzyżów
35%
Bieszczadzki Bieszczady Ustrzyki Dolne
32%
Kolbuszowski Kolbuszowianka Kolbuszowa
26%
Leski Sanovia Lesko
23%
Nie znaleziono quizów pasujących do podanych kryteriów
Rozkład punktacji
Procent ludzi z każdym wynikiem
Percentyl według liczby udzielonych odpowiedzi
Twoja historia wyników
Nie rozwiązałeś tego quizu